Recopilación de leyes, DL., DFL., reglamentos y decretos del ejército

Збережено в:
Бібліографічні деталі
Співавтор: Ejército de Chile (Автор)
Формат: Книга
Мова:Іспанська
Опубліковано: Santiago Ejército de Chile 1901
Предмети:
Теги: Додати тег
Немає тегів, Будьте першим, хто поставить тег для цього запису!

MARC

LEADER 00000nam a2200000 a 4500
001 UCR0599
003 CL-VaPUC
008 971205e19010000CL |||||||||||||||||spa|d
082 0 4 |a 348.026  |b EJE  |2 21 
110 2 |a Ejército de Chile  |e author  |9 396484 
245 1 0 |a Recopilación de leyes, DL., DFL., reglamentos y decretos del ejército 
300 |a 2238 p 
942 |c BK 
945 |d 19971205 00:00:00  |a cmena 
260 |a Santiago  |b Ejército de Chile  |c 1901 
650 7 |a LEGISLACION  |2 CL-VaPUC  |9 396485 
650 7 |a DECRETOS  |2 CL-VaPUC  |9 309678 
650 0 |a Derecho militar  |9 255065 
650 0 |a Fuerzas Armadas  |9 255504 
650 0 |a Política internacional  |9 255813 
650 7 |a RENTAS  |2 CL-VaPUC  |9 324806 
650 0 |a Hacienda pública  |9 258673 
650 0 |a Política fiscal  |9 317354 
650 0 |a Obligaciones   |9 255578 
650 0 |a Fronteras  |9 338773 
650 7 |a DELITOS MILITARES  |2 CL-VaPUC  |9 383137 
651 7 |a CHILE  |2 CL-VaPUC  |9 396486 
583 |a last modification  |c 19971205 00:00:00  |k Rodrigo Vera 
999 |c 264098  |d 264096 
952 |0 0  |1 0  |4 0  |6 348_026000000000000_EJE_1901  |7 0  |8 P  |9 293753  |a BIBDER  |b BIBDER  |d 2019-11-19  |i 191488K  |o 348.026 EJE 1901  |p 191488K  |r 2023-01-25  |w 2019-11-19  |y BK  |k DER